Rugrats Character Quiz #2 - Statistics

General Stats
  • This quiz has been taken 44 times
    22 since last reset
  • The average score is 17 of 26
Answer Stats
Hint Answer % Correct
Protagonist, wears ablue t-shirt. Thomas (Tommy)Pickles
92%
"Villain" of the Rugratscharacters Angelica Pickles
83%
Mother of protagonist Didi Pickles
83%
Brother of protagonist Dylan Pickles
83%
Pickles' Dog Spike Pickles
83%
Father of protagonist Stu Pickles
83%
Baby Twins' mother Betty DeVille
75%
Best friend of above,has spiky orange hair Chuckie Finster
75%
Baby Twins' father Howard DeVille
75%
Adopted sister ofChuckie Kimi Finster
75%
Girl Twin DeVille Lillian (Li'l) DeVille
75%
Boy Twin DeVille Phillip (Phil) DeVille
75%
Green Dinosaur who issupposed to resemble Godzilla Reptar
75%
Thornberry #2 Donnie Thornberry
67%
Thornberry #1 Eliza Thornberry
67%
'Villain's' Cat Fluffy
67%
Thornberry #6 Nigel Thornberry
67%
Thornberry #5 Darwin Thornberry
58%
Parisian Poodle who Pickles' petfell in love with Fifi
58%
Foil of the 'Villain' Susan (Susie)Carmichael
58%
Thornberry #3 Debbie Thornberry
50%
Thornberry #4 Marianne Thornberry
42%
Enemy of above (in: RugratsIn Paris: The Movie) Robosnail
42%
Rugrats' Baby-Sitter Taffy
42%
Character who isresembled by a lip balm brand Dr. Lipschitz
17%
Main Antagonist of Rugrats Movie,who is a annoying news reporter Rex Pester
8%
No matching quizzes found
Score Distribution
Percent of People with Each Score
Percentile by Number Answered
Your Score History
You have not taken this quiz since the last reset